Statistiques concernant Les villes les plus peuplées du Gard

Cliquez ici pour prendre le quiz!

Statistiques générales

  • Ce quiz a été pris 245 fois
  • Le résultat moyen est 8 sur 20

Statistiques - réponses

PopulationVille% Correct
133 406Nîmes
100%
39 282Alès
96%
7 987Uzès
73%
18 099Bagnols-sur-Cèze
61%
13 767Beaucaire
58%
5 874Le Grau-du-Roi
56%
6 019Aigues-Mortes
52%
11 628Saint-Gilles
44%
9 263Pont-Saint-Esprit
42%
11 794Villeneuve-lès-Avignon
40%
10 258Vauvert
35%
8 185Marguerittes
30%
7 576Les Angles
23%
4 929Bellegarde
22%
5 494Saint-Christol-lès-Alès
22%
5 202Bouillargues
20%
5 736Manduel
18%
5 838Rochefort-du-Gard
18%
5 811La Grand-Combe
17%
5 125Laudun
14%

Distribution des résultats

Percentile par nombre de réponses

% des personnes avec chaque résultat

Votre développement - résultats

Vous n’avez pas pris ce quiz